| 000 | 01233nam a2200337 a 4500 | ||
|---|---|---|---|
| 008 | |||
| 020 | _a9781138917224 (paperback) | ||
| 040 |
_aNUST _cNUST |
||
| 049 | _aMAIN | ||
| 090 |
_aLB2331 _bBUR |
||
| 100 | 1 |
_aBurke, Penny J., _aauthor. |
|
| 245 | 1 | 0 |
_aChanging pedagogical spaces in higher education : diversity, inequalities and misrecognition/ _c Penny Jane Burke ;Gill Crozier and Lauren Ila Misiaszek. |
| 250 | _aFirst edition. | ||
| 260 |
_aLondon: _b Routledge Taylor and Francis, _c2017. |
||
| 300 |
_aix, 179 pages : _billustrations ; _c24 cm. |
||
| 336 |
_atext _btxt _2rdacontent |
||
| 337 |
_aunmediated _bn _2rdamedia |
||
| 338 |
_avolume _bnc _2rdacarrier |
||
| 490 | _aSociety for research into higher education (SRHE) series. | ||
| 500 | _aIncludes index. | ||
| 504 | _aIncludes bibliographical references. | ||
| 650 | _aCollege teaching--Social aspects. | ||
| 650 | _aEducational equalization. | ||
| 650 | 1 | _aEducation, Higher--Social aspects. | |
| 700 |
_aMisiaszek, Lauren Ila., _aauthor. |
||
| 700 |
_aCrozier, Gill., _aauthor. |
||
| 907 |
_a.b10407182 _b11-03-22 _c15-07-21 |
||
| 003 | |||
| 005 | 20230123141213.0 | ||
| 942 |
_cBOOKS _kLB2331 _mBUR |
||
| 999 |
_c169471 _d169471 |
||